| 000 | 01106nam a22001937a 4500 | ||
|---|---|---|---|
| 008 | 100628t xxu||||| |||| 00| 0 eng d | ||
| 082 |
_222 _a219.3 _bم ح م |
||
| 100 |
_915368 _aمحمد ، عبد العاطي |
||
| 245 |
_aشيوخ بلا خناجر: _bتحولات الإسلام السياسي فى مصر / _cعبد العاطي محمد |
||
| 260 |
_aالقاهرة: _bدار مصر المحروسة ،2004 _c 2004 |
||
| 300 |
_a286 ص؛ _c25 سم. |
||
| 490 |
_915371 _aمكتبة الأسرة _pالأعمال الدينية |
||
| 650 |
_913370 _aالإسلام والسياسة |
||
| 650 |
_917205 _aالإسلام و الإصلاح السياسي |
||
| 650 |
_922258 _aالإسلام _xحركات الإحياء والإصلاح والتجديد |
||
| 942 |
_2ddc _cBB |
||
| 999 |
_c14269 _d14269 |
||